LEADER 00646nac# 22001811i 450 001 UON00474074 005 20231205105219.897 100 $a20170216a2015 |0itac50 ba 102 $aIT 105 $a|||| ||||| 110 $ab|||||||||| 200 1 $aHermes$eclassici tradotti$fa cura di Germana Ernst. Pisa 210 $aPisa$c Edizioni della Normale 463 1$1001UON00470678$12001 $aEtica$fTommaso Campanella$gintroduzione, traduzione e commento a cura di Germana Ernst$1210 $aPisa$cEdizioni della Normale$d2015$1215 $a238 p.$d24 cm.$v2 801 $aIT$bSOL$c20240220$gRICA 912 $aUON00474074 996 $aHERMES$9459101 997 $aUNIOR